00773nam a2200157 a 450000100100000000500170001004000250002708200150005211100980006724501440016526001730030930000210048270000340050370000330053710800450057000002777120200930031101.0 aDO-SdBNPbspacBNPHU axxxxbS4712 aSeminario-Taller "Farmacéutico y Salud Pública"n(1er. :d1990 , dic. 5-7cSanto Domingo)10aMemorias del primer Seminario Nacional "Farmacéutico y Salud" Pública" /ceditado por Modesta Jorge de Corral , José Antonio Pagés. aSanto Domingo :bSociedad Dominicana de Farmacéuticos de Hospitales :bAsociación Farmacéutica Dominicana :bOrganización Panamericana de la Salud (OPS),c1991. a144 p. ;c28 cm.1 aJorge de Corral, Modestaeed.1 aPagés, José Antonioeed. a110404s1991 dr 000 0 spa d